00613 2200193 4500001002100000005001700021008004100038035002400079082001000103090001900113100002700132245012000159260002800279300003500307500001600342504002900358650001400387990001800401YOGYA-0313000000015820130306085104.0 ind  0010-031300000000158 a363.4 aSK 363.4 Gal P aGALUH ERLANGGA IBRAHIM aPraktek prostitusi dikawasan pantai samas kabupaten bantul dan upaya penanggulangannyacOleh Galuh erlangga ibrahim aYogyakarta:bUGM,c2004 aix, 84(6) lbr.:bLamp.;c29 cm aSkripsi UGM aBibliografi : lbr. 83-84 aPelacuran a44414-PD/A.12